New apprenticeship scheme drives up work placements (Record no. 78716)

MARC details
000 -LEADER
fixed length control field 01132cab a22002175a 4500
001 - CONTROL NUMBER
control field L137804
008 - FIXED-LENGTH DATA ELEMENTS--GENERAL INFORMATION
fixed length control field 070501e2007 xxk 000 0 eng d
035 ## - SYSTEM CONTROL NUMBER
System control number (Sirsi) u137804
041 0# - LANGUAGE CODE
Language code of text/sound track or separate title eng
110 2# - MAIN ENTRY--CORPORATE NAME
Corporate name or jurisdiction name as entry element CITB-ConstructionSkills
9 (RLIN) 4992
245 00 - TITLE STATEMENT
Title New apprenticeship scheme drives up work placements
Medium [electronic resource]
260 ## - PUBLICATION, DISTRIBUTION, ETC.
Date of publication, distribution, etc. 2007
490 #0 - SERIES STATEMENT
Series statement CITB-ConstructionSkills Press Release
Volume/sequential designation 25 April 2007
520 ## - SUMMARY, ETC.
Summary, etc. Announces the roll out of the Programme Led Apprenticeships (PLA) scheme, which aims to provide 3 000 construction apprentice placements by 2008. The PLA provides an alternative structure to employers and enables young people to initially spend two years on a construction based college course. The PLA should help to address the lack of suitable work placements for construction trainees and therefore encourage skilled industry growth.
590 ## - LOCAL NOTE (RLIN)
Local note KA
651 #4 - SUBJECT ADDED ENTRY--GEOGRAPHIC NAME
Geographic name England and Wales
Chronological subdivision 1543-
690 ## - LOCAL SUBJECT ADDED ENTRY--TOPICAL TERM (OCLC, RLIN)
Topical term or geographic name as entry element BUILT ENVIRONMENT
690 ## - LOCAL SUBJECT ADDED ENTRY--TOPICAL TERM (OCLC, RLIN)
Topical term or geographic name as entry element CAREERS, EDUCATION AND TRAINING
856 40 - ELECTRONIC LOCATION AND ACCESS
Uniform Resource Identifier <a href="https://www.citb.co.uk/news/pressreleases/">https://www.citb.co.uk/news/pressreleases/</a>
Public note View the item free of charge at www.citb.co.uk...
942 ## - ADDED ENTRY ELEMENTS (KOHA)
Suppress in OPAC 0
Holdings
Withdrawn status Lost status Source of classification or shelving scheme Damaged status Not for loan Home library Current library Shelving location Date acquired Total Checkouts Full call number Barcode Date last seen Copy number Price effective from Koha item type
    Dewey Decimal Classification     Virtual Virtual Online 01/05/2007   ONLINE PUBLICATION 137804-2001 06/08/2019 1 06/08/2019 Journal article